00438 2200181 4500001002100000005001500021008004100036020002200077035001900099041000700118082000800125090001400133100002100147245003000168260001700198300002400215650001700239INLIS00000000000291620241224112626241224||||||||| | ||| |||| || |  a978-602-7888-50-0 0010-1224002916 aen0 a813 a813 DES d0 aDesi Puspitasari00aDibawah Naungan Cahaya-Mu bBunyanc2013 avi, 202 hlm.; 19 cm 0aKesusastraan